000 00593nam a2200229Ia 4500
005 20250425161737.0
008 250425s9999 xx 000 0 und d
020 _a9684620004
041 _aspa
082 _a631.4
100 _aPALMER, ROBERT G.
245 0 _aINTRODUCCIÓN A LA CIENCIA DEL SUELO : MANUAL DE LABORATORIO
250 _a2A ED.
260 _aMEXICO
260 _aMéxico
_bAGT EDITOS S.A.
_c1977
300 _a158
650 _aCIENCIAS DE LOS SUELOS
650 _aSUELOS-MANUAL DE LABORATORIO
700 _aTROEH, FREDERICK R.
942 _c01
010 _a27205
999 _c215215
_d215215